История Рима от основания города (Запис № 421243)

МАРК-запис
000 -Лідер
fixed length control field 00821nam a22002777a 4500
001 - Контрольний номер
control field 132734
003 - Ідентифікатор контрольного номера
control field UA-OsUOA
005 - Дата та час останнього входження (трансакції)
control field 20220402150030.0
007 - Фіксоване поле фізичного опису
fixed length control field ta
008 - Елементи даних фіксованої довжини – загальна інформація
fixed length control field 20180904b un ||||| |||| 00| 0 ukr d
020 ## - Міжнародний стандартний книжковий номер (ISBN)
Міжнародний стандартний книжковий номер (ISBN) (НП) 5020089516
040 ## - Джерело каталогізації
Агенція оригінальної каталогізації UA-OsUOA
Мова каталогізації rus
Агенція, яка здійснювала перезапис UA-OsUOA
Агенція, яка здійснювала модифікацію UA-OsUOA
041 ## - Код мови
Код мови тексту/ звукової доріжки чи окремого заголовка (П) rus
080 ## - Індекс Універсальної десяткової класифікації
Індекс Універсальної десяткової класифікації (УДК) (НП) 94(37)
090 ## - Локальний шифр розміщення
Класифікаційний індекс УДК 94(37)
Авторський знак (НП) Л55
100 ## - Основне введення – ім’я особи
Ім’я особи (НП) Ливий Т.
245 ## - Відомості про назву
Назва (НП) История Рима от основания города
Дані про відповідальність (НП) отв. ред. Е. С. Голубцева
260 ## - Публікація, розповсюдження і т.п. (Вихідні дані)
Місце публікації, розповсюдження і т.п. (П) М.
Ім’я/ наймення видавництва, розповсюджувача і т.п. (П) Наука
Дата публікації, розповсюдження і т.п. (П) 1991
300 ## - Фізичний опис
Обсяг 526 с.
505 ## - Форматована примітка про зміст
Змішана інформація Т. 2
650 #7 - Додаткове предметне введення – тематичний термін
Тематичний термін чи географічна назва, як елемент введення (НП) 9 Географія. Біографії. Історія
Джерело заголовка чи терміна UDC
700 1# - Додаткове введення – ім'я особи
Ім’я особи (НП) Голубцева Е. С.
Термін відношення отв. ред.
942 ## - Додаткові елементи входу (Коха)
Тип елемента Koha Книги
Source of classification or shelving scheme Universal Decimal Classification
955 ## - Код типу видання за змістом
Код типу видання за змістом (НП) Навчальні видання
Фонди
Стан вилучень Стан втрат Джерело класифікації або схеми стелажів Стан уражень Не для кредиту Постійне місце розташування Поточне розміщення Дата придбання Джерело придбання Вартість, звичайна ціна покупки Послідовне перерахування / хронологія Інвентарний номер Повний номер виклику Штрих-код Дата останнього перегляду Ціна ефективна від Тип елемента Koha
    Universal Decimal Classification     АБ - Абонемент НБ АБ - Абонемент НБ 04/09/2018 34/2018 30.00 Т. 2 159691 94(37) Л55 159691 18/01/2022 04/09/2018 Книги